000 00304nam a2200121Ia 4500
008 190216s9999||||xx |||||||||||||| ||und||
100 _aTerrell L. Hill
245 3 _aAn Introduction To Stastical Thermodynamics
260 _bDover Publications
_c2008
300 _a508
650 _aPhysics
942 _cBK
999 _c34404
_d34404